40 cidades mais populosas do Ceará - Statistics

Estatísticas Gerais
  • Esse quiz foi jogado 295 vezes
  • A pontuação média é 22 de 40
Estatísticas das Respostas
Nº de Habitantes Letra Inicial Cidade % Correto
2 591 188 F Fortaleza
99%
266 022 J Juazeiro do Norte
96%
353 932 C Caucaia
92%
201 756 S Sobral
92%
128 680 C Crato
86%
221 504 M Maracanaú
85%
85 531 Q Quixadá
83%
77 174 Q Quixeramobim
78%
124 950 I Itapipoca
72%
123 570 M Maranguape
72%
77 717 A Aquiraz
70%
74 271 C Crateús
66%
101 386 I Iguatu
65%
72 727 A Aracati
64%
75 018 R Russas
64%
63 365 H Horizonte
61%
58 855 B Barbalha
59%
73 468 T Tianguá
56%
51 127 E Eusébio
55%
67 198 I Icó
54%
76 988 C Canindé
53%
52 310 B Beberibe
52%
58 175 L Limoeiro do Norte
52%
57 701 T Tauá
51%
68 800 P Pacajus
50%
70 047 C Cascavel
49%
80 378 P Pacatuba
46%
62 437 C Camocim
40%
58 922 V Viçosa do Ceará
37%
61 903 M Morada Nova
35%
47 297 S São Gonçalo do Amarante
35%
54 418 T Trairi
31%
46 171 S São Benedito
30%
53 838 B Boa Viagem
29%
61 210 A Acaraú
26%
53 918 G Granja
26%
53 135 A Acopiara
25%
48 056 B Brejo Santo
24%
51 113 I Itapajé
24%
46 113 M Mauriti
19%
Nenhum quiz correspondente encontrado
Distribuição das Pontuações
Porcentagem de Pessoas com Cada Pontuação
Percentil de Números Respondidos
Sua Pontuação Histórica
Você não jogou esse quiz